000
00361nam a22001577a 4500
003
MPLRDC
005
20220104124335.0
008
210129b ||||| |||| 00| 0 eng d
082
_a
870.99 TGE c.3
100
_a
连士升著
245
_a
泰戈尔传
_c
260
_a
_b
香港大千出版社
_c
300
_b
平
650
_a
942
_c
BK
_o
870.99 TGE c.3
999
_c
18551
_d
18541